000 00422nam a22000977a 4500
999 _c2791
_d2791
008 180702b ||||| |||| 00| 0 eng d
100 _aFirby, Charles Auctions
245 _aThe Sanford Fleming 3 pence essay to be offered as lot #42 during te 1,600 lot auction...
260 _bCharles G. Firby Auctions
_c1996
650 _aEssays and proofs--Canada--Auction catalogs | Postage-stamps--Canada--Auction catalogs | Fleming, Sanford